000 00948nam2a2200229 4500
001 rc\2664434
005 20260315043935.0
035 _a(NLR Aleph) 006971074
090 _a13566864
_c13566864
100 _a20110617d1928 u y0rusy50 ca
101 0 _arus
102 _aRU
105 _ay z |||||
200 1 _aАрифметика и алгебра
210 _d1928
461 0 _1001rc\2664433
_12001#$aСерия конспектов, составленных применительно к программе испытаний САГУ$eN 1$vN 1
_95441097
_cТашкент
_d[1928]
_nСредне-Азиатск. бюро Проетстуда
_oN 1
_tСерия конспектов, составленных применительно к программе испытаний САГУ
_vN 1
700 1 _aВайнштейн
_bБ.
801 0 _aRU
_bNLR
_gpsbo
801 1 _aRU
_bELAR
_2rusmarc
852 _aNLR
_j92/203
942 _cUNSPEC
980 _aNB